000 00492nam a2200169 a 4500
005 20140412111250.0
008 000821s19uu xx 00 eng d
020 _a0-590-56643-1
050 _aTR(PS E
_bLa16
100 _aSundgaard, Arnold
245 _aLamb and the butterfly (The) /
_cArnold Sundgaard ; pictures by Eric Carle.
260 _aNew York :
_bScholastic Inc.
300 _a1 v. (unp.) ; ill.
650 _aLamb--Fiction
650 _aButterflies--Fiction
999 _c103133
_d103133